[Event "GER-chT U20"]
[Site "Osnabrueck"]
[Date "2013.12.28"]
[Round "4.6"]
[White "Wichmann, Adrian"]
[Black "Schwarz, Nico"]
[Result "1/2-1/2"]
[WhiteElo "1777"]
[BlackElo "1717"]
[PlyCount "44"]
[EventDate "2013.12.27"]
[EventType "team-swiss"]
[EventRounds "7"]
[EventCountry "GER"]
[SourceTitle "EXT 2015"]
[Source "ChessBase"]
[SourceDate "2014.11.20"]
[SourceVersion "1"]
[SourceVersionDate "2014.11.20"]
[SourceQuality "1"]
[WhiteTeam "Forchheim"]
[BlackTeam "Stade"]
[WhiteTeamCountry "GER"]
[BlackTeamCountry "GER"]

1. e4 c5 2. d4 e6 3. c3 d5 4. e5 Nc6 5. Nf3 Qb6 6. Be2 Bd7 7. 0-0 Nge7 8. Na3 cxd4 9. cxd4 Nf5 10. Nc2 h5 11. b3 Nb4 12. Nxb4 Bxb4 13. Bb2 Rc8 14. Qd3 a6 15. Rfc1 0-0 16. Qd1 Bb5 17. Bxb5 Qxb5 18. Qf1 Qd7 19. Rxc8 Rxc8 20. Rc1 Rc6 21. Rxc6 Qxc6 22. Qd3 a5 1/2-1/2

[Event "Oberliga Nord W 1213"]
[Site "Germany"]
[Date "2013.02.24"]
[Round "7.8"]
[White "Schwarz, Nico"]
[Black "Kaiser, Gerhard"]
[Result "0-1"]
[WhiteElo "1743"]
[BlackElo "2096"]
[PlyCount "170"]
[EventDate "2012.10.14"]
[EventType "team-tourn"]
[EventRounds "9"]
[EventCountry "GER"]
[SourceTitle "EXT 2014"]
[Source "ChessBase"]
[SourceDate "2013.11.20"]
[SourceVersion "1"]
[SourceVersionDate "2013.11.20"]
[SourceQuality "1"]
[WhiteTeam "Stade"]
[BlackTeam "Hameln"]
[WhiteTeamCountry "GER"]
[BlackTeamCountry "GER"]

1. e4 d5 2. exd5 Qxd5 3. Nc3 Qd6 4. Nf3 Bg4 5. Bc4 Nf6 6. Nb5 Qb6 7. d3 e6 8. Be3 c5 9. Bf4 Nd5 10. Bg3 a6 11. Nc3 Qd8 12. Qe2 Be7 13. 0-0 Nc6 14. Qe4 Bf5 15. Qe2 Bg4 16. Qe4 Bf5 17. Qe2 0-0 18. Ne4 Bg6 19. Nc3 Bh5 20. Qe4 Nf6 21. Qe3 Nd4 22. Bb3 Bxf3 23. gxf3 Nxb3 24. axb3 Nd5 25. Qe2 Nxc3 26. bxc3 Bf6 27. Be5 Bxe5 28. Qxe5 Qd5 29. Qg3 Rad8 30. Ra4 e5 31. Rg4 g6 32. Rg5 Rfe8 33. c4 Qe6 34. Re1 f6 35. Rh5 Kg7 36. Kh1 Re7 37. Rg1 Kf8 38. Rh6 Qf5 39. Qh4 Qxf3+ 40. Rg2 Qd1+ 41. Rg1 Qf3+ 42. Rg2 Rd4 43. Qg3 Qxg3 44. hxg3 e4 45. dxe4 Rdxe4 46. f4 Kg7 47. Rgh2 Re1+ 48. Kg2 R7e2+ 49. Kf3 Re3+ 50. Kf2 R1e2+ 51. Kf1 Rxh2 52. Rxh2 Rxg3 53. Rd2 Rf3+ 54. Kg2 Rxf4 55. Rd7+ Kh6 56. Rxb7 Rd4 57. Rc7 Rd2+ 58. Kg1 Rxc2 59. Rxc5 Rb2 60. Ra5 Rxb3 61. Rxa6 Rc3 62. Rxf6 Rxc4 63. Ra6 Rc7 64. Kg2 Kg7 65. Kg3 h5 66. Kh4 Kh6 67. Ra5 Rc4+ 68. Kh3 h4 69. Ra6 Kh5 70. Ra8 Rc3+ 71. Kh2 g5 72. Ra4 h3 73. Rb4 g4 74. Rb8 Rc2+ 75. Kh1 g3 76. Rh8+ Kg4 77. Rg8+ Kf4 78. Rf8+ Ke5 79. Re8+ Kd6 80. Rd8+ Kc7 81. Rd1 Kc6 82. Kg1 Kc5 83. Kh1 Kc4 84. Kg1 Kc3 85. Kh1 Kb2 0-1

[Event "Niedersachsen-ch U18"]
[Site "Rotenburg"]
[Date "2012.04.01"]
[Round "3"]
[White "Schwarz, Nico"]
[Black "Gottlieb, Timo"]
[Result "1/2-1/2"]
[WhiteElo "1764"]
[BlackElo "1582"]
[PlyCount "66"]
[EventDate "2012.03.31"]
[EventType "swiss"]
[EventRounds "9"]
[EventCountry "GER"]
[SourceTitle "EXT 2015"]
[Source "ChessBase"]
[SourceDate "2014.11.20"]
[SourceVersion "1"]
[SourceVersionDate "2014.11.20"]
[SourceQuality "1"]

1. e4 c5 2. Nf3 Nc6 3. d4 cxd4 4. Nxd4 e6 5. Nc3 Qc7 6. Be3 a6 7. Qd2 Nf6 8. Be2 Bb4 9. Bf3 Ne5 10. Bf4 Nxf3+ 11. gxf3 e5 12. Bg3 Bxc3 13. bxc3 d6 14. Ne2 Be6 15. Bh4 Nh5 16. Rg1 f6 17. Bg3 g5 18. a3 Rc8 19. Rd1 Ke7 20. h4 h6 21. Qc1 Bc4 22. Qb2 b5 23. Qb4 Bxe2 24. Kxe2 Qc4+ 25. Rd3 gxh4 26. Qxd6+ Ke8 27. Bxh4 Nf4+ 28. Kd2 Nxd3 29. cxd3 Qxc3+ 30. Ke2 Qc6 31. Qxf6 Qc2+ 32. Ke3 Qc5+ 33. Ke2 Qc2+ 1/2-1/2

[Event "Niedersachsen-ch U18"]
[Site "Rotenburg"]
[Date "2012.03.31"]
[Round "1"]
[White "Schwarz, Nico"]
[Black "Koop, Thorben"]
[Result "0-1"]
[WhiteElo "1764"]
[BlackElo "2137"]
[PlyCount "98"]
[EventDate "2012.03.31"]
[EventType "swiss"]
[EventRounds "9"]
[EventCountry "GER"]
[SourceTitle "EXT 2015"]
[Source "ChessBase"]
[SourceDate "2014.11.20"]
[SourceVersion "1"]
[SourceVersionDate "2014.11.20"]
[SourceQuality "1"]

1. e4 c5 2. Nc3 Nc6 3. Nge2 d6 4. d4 cxd4 5. Nxd4 e5 6. Ndb5 a6 7. Na3 Be6 8. Nc4 Rb8 9. Ne3 Nf6 10. Ned5 Be7 11. Bc4 b5 12. Bb3 0-0 13. Nxe7+ Qxe7 14. Nd5 Bxd5 15. exd5 Na5 16. Bg5 h6 17. Be3 Qb7 18. Qf3 Nxb3 19. axb3 Nxd5 20. Bd2 f5 21. 0-0 e4 22. Qg3 Rf6 23. b4 Rc8 24. Rfd1 Rxc2 25. Qb3 Rc4 26. Rac1 Nb6 27. Be3 d5 28. Ra1 f4 29. Bc5 f3 30. Bxb6 Qxb6 31. Rxd5 Qe6 32. Rd8+ Kh7 33. Qd1 Qg4 34. g3 Qh3 35. Qf1 Qxf1+ 36. Kxf1 Rxb4 37. Ra2 Rb6 38. Ke1 Rc4 39. b3 Rc1+ 40. Kd2 Rf1 41. Kc3 Re6 42. Rf8 Re1 43. Kb4 Re2 44. Ra1 Rxf2 45. Re1 e3 46. Kc3 e2 47. Kd2 Rf1 48. Rd8 Rxe1 49. Kxe1 f2+ 0-1

[Event "Lueneburg distr-chA"]
[Site "Winsen/Luhe"]
[Date "2011.10.19"]
[Round "7.8"]
[White "Schwarz, Nico"]
[Black "Meschke, Oliver"]
[Result "0-1"]
[WhiteElo "1809"]
[BlackElo "1968"]
[PlyCount "56"]
[EventDate "2011.10.??"]
[EventType "swiss"]
[EventRounds "9"]
[EventCountry "GER"]
[SourceTitle "EXT 2013"]
[Source "ChessBase"]
[SourceDate "2012.11.22"]
[SourceVersion "1"]
[SourceVersionDate "2012.11.22"]
[SourceQuality "1"]

1. e4 d5 2. exd5 Qxd5 3. Nc3 Qd6 4. Bc4 Nf6 5. d3 a6 6. a4 Nc6 7. Nge2 g6 8. Bf4 e5 9. Bg3 Be6 10. Bxe6 Qxe6 11. 0-0 0-0-0 12. Qb1 Bc5 13. Na2 Qg4 14. Re1 Nd5 15. c3 Nf4 16. Nxf4 exf4 17. h3 Qg5 18. Qc1 Qxg3 19. d4 Nxd4 20. fxg3 Ne2+ 21. Kh1 Nxc1 22. Raxc1 Rd2 23. Nb4 fxg3 24. Rf1 f5 25. Rf3 Rhd8 26. Rcf1 a5 27. Rd1 Rxd1+ 28. Rf1 Rxf1# 0-1

[Event "Lueneburg distr-chA"]
[Site "Winsen/Luhe"]
[Date "2011.10.16"]
[Round "2.9"]
[White "Diederichs, Luise"]
[Black "Schwarz, Nico"]
[Result "1-0"]
[WhiteElo "1748"]
[BlackElo "1809"]
[PlyCount "49"]
[EventDate "2011.10.??"]
[EventType "swiss"]
[EventRounds "9"]
[EventCountry "GER"]
[SourceTitle "EXT 2013"]
[Source "ChessBase"]
[SourceDate "2012.11.22"]
[SourceVersion "1"]
[SourceVersionDate "2012.11.22"]
[SourceQuality "1"]

1. c4 e6 2. g3 Nf6 3. Bg2 c5 4. Nc3 d5 5. cxd5 exd5 6. d4 cxd4 7. Qxd4 Nc6 8. Qd1 d4 9. Ne4 Bf5 10. Nxf6+ Qxf6 11. Nf3 Nb4 12. 0-0 h6 13. Bf4 d3 14. exd3 Nxd3 15. Ne5 Nxe5 16. Bxe5 Qa6 17. Re1 Be6 18. Qf3 Bb4 19. Bxg7 Rh7 20. Bc3 Bxc3 21. Qxc3 Rd8 22. Be4 f5 23. Bxf5 Re7 24. Qh8+ Bg8 25. Qxg8# 1-0

[Event "Hamburg St Pauli op-B"]
[Site "Hamburg"]
[Date "2011.07.15"]
[Round "8"]
[White "Schwarz, Nico"]
[Black "Fria Alvarez, Leandro"]
[Result "1/2-1/2"]
[WhiteElo "1716"]
[BlackElo "1830"]
[PlyCount "45"]
[EventDate "2011.07.09"]
[EventType "swiss"]
[EventRounds "9"]
[EventCountry "GER"]
[SourceTitle "CBM 143 Extra"]
[Source "ChessBase"]
[SourceDate "2011.08.29"]
[SourceVersion "1"]
[SourceVersionDate "2011.08.29"]
[SourceQuality "1"]

1. e4 e5 2. Nf3 Nc6 3. Bc4 Bc5 4. c3 Nf6 5. d4 exd4 6. cxd4 Bb4+ 7. Bd2 Bxd2+ 8. Nbxd2 d5 9. exd5 Nxd5 10. Qb3 Nce7 11. 0-0 0-0 12. Rfe1 c6 13. Nf1 h6 14. Ne3 Be6 15. Rad1 Qd6 16. Rd2 Rfd8 17. Ne5 f6 18. Nd3 b5 19. Bxd5 Nxd5 20. Qc2 Nxe3 21. fxe3 Bf5 22. Qb3+ Be6 23. Qc2 1/2-1/2

[Event "Harburg-chF 8th"]
[Site "Hamburg"]
[Date "2010.08.21"]
[Round "3"]
[White "Schwarz, Nico"]
[Black "Xin, Ruidi"]
[Result "0-1"]
[WhiteElo "1642"]
[BlackElo "1706"]
[PlyCount "118"]
[EventDate "2010.08.20"]
[EventType "tourn"]
[EventRounds "5"]
[EventCountry "GER"]
[SourceTitle "EXT 2012"]
[Source "ChessBase"]
[SourceDate "2011.11.24"]
[SourceVersion "1"]
[SourceVersionDate "2011.11.24"]
[SourceQuality "1"]

1. e4 e6 2. d4 c5 3. Nf3 cxd4 4. Nxd4 Nf6 5. Nc3 Nc6 6. Ndb5 Bb4 7. Bg5 Qa5 8. Bxf6 gxf6 9. Qd2 a6 10. Nd6+ Ke7 11. Rd1 Qc7 12. Nf5+ exf5 13. Nd5+ Kd8 14. Nxb4 Nxb4 15. Qxb4 fxe4 16. Qd4 Qe5 17. Qxe5 fxe5 18. Bc4 f5 19. 0-0 b5 20. Bb3 Ke7 21. Rd5 d6 22. Rfd1 Rd8 23. Kf1 Be6 24. R5d2 Bc4+ 25. Bxc4 bxc4 26. Rd5 Rab8 27. b3 c3 28. Ra5 Rb6 29. Ra4 d5 30. Ra5 Rbd6 31. Rc5 d4 32. Rxe5+ Kf6 33. Rc5 Rd5 34. Rc7 h5 35. Ke1 f4 36. Rc6+ R8d6 37. Rxd6+ Rxd6 38. f3 e3 39. Ke2 Ke5 40. Kd3 Kd5 41. Re1 Rg6 42. Rg1 Re6 43. Re1 Rd6 44. Rd1 Kc5 45. a3 a5 46. a4 Kb4 47. Ra1 Rg6 48. Rg1 Ka3 49. g3 Kb2 50. Rg2 Re6 51. Re2 fxg3 52. hxg3 Rg6 53. Rg2 h4 54. g4 Rf6 55. g5 Rxf3 56. g6 Rf2 57. Rg1 e2 58. g7 Rf1 59. g8Q e1Q 0-1

[Event "Harburg-chF 8th"]
[Site "Hamburg"]
[Date "2010.08.20"]
[Round "1"]
[White "Schwarz, Nico"]
[Black "Evers, Annika"]
[Result "0-1"]
[WhiteElo "1642"]
[BlackElo "1677"]
[PlyCount "90"]
[EventDate "2010.08.20"]
[EventType "tourn"]
[EventRounds "5"]
[EventCountry "GER"]
[SourceTitle "EXT 2012"]
[Source "ChessBase"]
[SourceDate "2011.11.24"]
[SourceVersion "1"]
[SourceVersionDate "2011.11.24"]
[SourceQuality "1"]

1. e4 c5 2. Nc3 Nc6 3. Nf3 e6 4. d4 cxd4 5. Nxd4 Nf6 6. Bg5 Bb4 7. Bb5 Qa5 8. Bxf6 gxf6 9. Nxc6 bxc6 10. Bd3 Bxc3+ 11. bxc3 Qxc3+ 12. Ke2 Qe5 13. g3 d5 14. f4 Qh5+ 15. Kf2 Qh6 16. Rb1 Qf8 17. Re1 Qc5+ 18. Kg2 Ke7 19. Qh5 Bd7 20. Rb7 Qa5 21. Rxd7+ Kxd7 22. Qxf7+ Kd6 23. e5+ fxe5 24. fxe5+ Kc5 25. Qe7+ Kd4 26. Rf1 Rae8 27. Qd6 c5 28. Rf4+ Kc3 29. Qc6 c4 30. Rf3 Kd4 31. Qd6 cxd3 32. Rf4+ Kc3 33. Qc6+ Kb2 34. Qb7+ Qb6 35. Rb4+ Kxc2 36. Rxb6 axb6 37. Qxb6 Rc8 38. Qb3+ Kd2 39. Qb4+ Rc3 40. Kf2 Rhc8 41. Qf4+ Kc2 42. Qa4+ Kb2 43. Ke3 R8c4 44. Qd7 Re4+ 45. Kf3 d2+ 0-1

[Event "GER-chT U14"]
[Site "Arendsee"]
[Date "2009.12.28"]
[Round "4.3"]
[White "Schwarz, Nico"]
[Black "Tran, Khoa Anh Le"]
[Result "0-1"]
[WhiteElo "1341"]
[BlackElo "1481"]
[PlyCount "86"]
[EventDate "2009.12.27"]
[EventType "team-swiss"]
[EventRounds "7"]
[EventCountry "GER"]
[SourceTitle "EXT 2022"]
[Source "ChessBase"]
[SourceDate "2021.10.06"]
[SourceVersion "1"]
[SourceVersionDate "2021.10.06"]
[SourceQuality "1"]
[WhiteTeam "Stader SV U14"]
[BlackTeam "Treptow"]
[WhiteTeamCountry "GER"]
[BlackTeamCountry "GER"]

1. e4 e6 2. d4 d5 3. Nc3 Bb4 4. exd5 exd5 5. Bd3 Nc6 6. Nge2 Nge7 7. a3 Bxc3+ 8. bxc3 0-0 9. Ng3 Ng6 10. 0-0 Be6 11. f4 f5 12. Re1 Qd7 13. Rb1 b6 14. Qh5 Nce7 15. Bd2 Kh8 16. Qe2 Bg8 17. h4 Rae8 18. h5 Nc8 19. Qf2 Nge7 20. h6 g6 21. Bb5 c6 22. Qe2 Qd6 23. Bd3 Qf6 24. Qe5 Nd6 25. Re3 Qxe5 26. fxe5 Ne4 27. Be1 f4 28. Re2 fxg3 29. Bxe4 dxe4 30. Bxg3 Bd5 31. c4 Bxc4 32. Rxe4 Bd5 33. Ree1 Nf5 34. Bf2 Nxh6 35. Bh4 Ng4 36. Rf1 Kg8 37. a4 Rxf1+ 38. Rxf1 Rf8 39. Rxf8+ Kxf8 40. Kf1 Ne3+ 41. Kf2 Nxc2 42. Kg3 Nxd4 43. Bf6 Kf7 0-1

[Event "GER-chT U14"]
[Site "Arendsee"]
[Date "2009.12.27"]
[Round "2.3"]
[White "Schoepe, Tobias"]
[Black "Schwarz, Nico"]
[Result "1-0"]
[WhiteElo "1696"]
[BlackElo "1341"]
[PlyCount "157"]
[EventDate "2009.12.27"]
[EventType "team-swiss"]
[EventRounds "7"]
[EventCountry "GER"]
[SourceTitle "EXT 2022"]
[Source "ChessBase"]
[SourceDate "2021.10.06"]
[SourceVersion "1"]
[SourceVersionDate "2021.10.06"]
[SourceQuality "1"]
[WhiteTeam "Ergolding FC U14"]
[BlackTeam "Stader SV U14"]
[WhiteTeamCountry "GER"]
[BlackTeamCountry "GER"]

1. e4 e5 2. Nf3 Nc6 3. Bc4 Nf6 4. Ng5 d5 5. exd5 b5 6. dxc6 bxc4 7. 0-0 Qd5 8. Nc3 Qxc6 9. Qe2 Bd6 10. d3 cxd3 11. cxd3 Bb7 12. f3 0-0 13. Be3 Nh5 14. Rac1 Nf4 15. Bxf4 exf4 16. Nge4 Rfe8 17. Qd2 Bc5+ 18. Nxc5 Qxc5+ 19. d4 Qg5 20. Kh1 Re6 21. Na4 Rh6 22. Qf2 Qh5 23. h3 Bc8 24. Rc5 g5 25. Kg1 f5 26. Re1 Qf7 27. Qc2 Re6 28. Rxe6 Qxe6 29. Qc4 Qxc4 30. Rxc4 Bd7 31. Nc5 Bb5 32. Rc2 Re8 33. Kf2 h5 34. a4 Bc6 35. Re2 Rxe2+ 36. Kxe2 Kf7 37. b4 Ke7 38. b5 Bd5 39. Kd2 g4 40. Ke2 g3 41. Nd3 Bb3 42. Nc5 Bc4+ 43. Nd3 Kd6 44. Kd2 Bb3 45. a5 Bc4 46. Nxf4 h4 47. Ng6 Bxb5 48. Nxh4 f4 49. Ng6 Kd5 50. Kc3 Ke6 51. Nxf4+ Kf5 52. Nd5 c6 53. Ne3+ Kf4 54. Kd2 Ba6 55. h4 Bc8 56. d5 cxd5 57. Nxd5+ Ke5 58. Ne3 Kf4 59. Kd3 Ba6+ 60. Kd4 Bb5 61. h5 Kg5 62. Ke5 Kxh5 63. Kf4 Kg6 64. Kxg3 Kf6 65. Kf4 Bc6 66. g4 Ke6 67. g5 Be8 68. Ke4 Bc6+ 69. Kf4 Be8 70. Kg4 Kd6 71. f4 Kc5 72. f5 Kb5 73. a6 Kxa6 74. g6 Kb5 75. Nd5 a5 76. Nc7+ Kb4 77. Nxe8 a4 78. g7 a3 79. g8Q 1-0

[Event "Niedersachsen-chT U14"]
[Site "Verden an der Aller"]
[Date "2009.05.23"]
[Round "6.4"]
[White "Schwarz, Nico"]
[Black "Brannys, Peter"]
[Result "1-0"]
[WhiteElo "1006"]
[BlackElo "913"]
[PlyCount "55"]
[EventDate "2009.05.21"]
[EventType "team-tourn"]
[EventRounds "7"]
[EventCountry "GER"]
[SourceTitle "EXT 2010"]
[Source "ChessBase"]
[SourceDate "2010.11.25"]
[SourceVersion "1"]
[SourceVersionDate "2010.11.25"]
[SourceQuality "1"]
[WhiteTeam "Stade"]
[BlackTeam "Bueckeburg"]
[WhiteTeamCountry "GER"]
[BlackTeamCountry "GER"]

1. e4 c5 2. Nf3 Nc6 3. Bc4 g6 4. Nc3 Bg7 5. d3 Nd4 6. Nxd4 cxd4 7. Ne2 e5 8. Bd2 Ne7 9. 0-0 0-0 10. c3 dxc3 11. Bxc3 Nc6 12. Qb3 d6 13. Rad1 a6 14. Qa3 a5 15. Bb5 Bg4 16. f3 Bxf3 17. Rxf3 Qb6+ 18. Kh1 Qxb5 19. Qxd6 Rad8 20. Qa3 Bf6 21. Rxf6 Rxd3 22. Rxd3 Qxd3 23. Ng3 Rc8 24. Qb3 Nd8 25. Qd5 Qxd5 26. exd5 Rc5 27. Ne4 Rc8 28. h3 1-0